000
00296nam a22001457a 4500
008
210310b ||||| |||| 00| 0 eng d
020
_a
9780385349949
041
_a
eng
080
_a
82
082
_a
82
100
_a
21
101
_a
GJL
245
_a
Lean In
_c
Sandberg,SH
942
_2
udc
_c
BK
999
_c
56234
_d
56234